Parallel and concurrent programming in Haskell / (Record no. 2271)

000 -LEADER
fixed length control field 01107cam a2200337 i 4500
001 - CONTROL NUMBER
control field 18217579
003 - CONTROL NUMBER IDENTIFIER
control field OSt
005 - DATE AND TIME OF LATEST TRANSACTION
control field 20160704165245.0
008 - FIXED-LENGTH DATA ELEMENTS--GENERAL INFORMATION
fixed length control field 140709s2013 cc a 001 0 eng d
010 ## - LIBRARY OF CONGRESS CONTROL NUMBER
LC control number 2014397989
015 ## - NATIONAL BIBLIOGRAPHY NUMBER
National bibliography number GBB357623
Source bnb
016 7# - NATIONAL BIBLIOGRAPHIC AGENCY CONTROL NUMBER
Record control number 016444015
Source Uk
020 ## - INTERNATIONAL STANDARD BOOK NUMBER
International Standard Book Number 9781449335946 (pbk.)
020 ## - INTERNATIONAL STANDARD BOOK NUMBER
International Standard Book Number 1449335942 (pbk.)
035 ## - SYSTEM CONTROL NUMBER
System control number (OCoLC)ocn851826580
040 ## - CATALOGING SOURCE
Original cataloging agency UKMGB
Language of cataloging eng
Description conventions rda
Transcribing agency UKMGB
Modifying agency OCLCO
-- BTCTA
-- YDXCP
-- SINLB
-- EYM
-- CHVBK
-- NLGGC
-- DLC
042 ## - AUTHENTICATION CODE
Authentication code lccopycat
050 00 - LIBRARY OF CONGRESS CALL NUMBER
Classification number QA76.73.H37M37 2013
082 04 - DEWEY DECIMAL CLASSIFICATION NUMBER
Classification number 004.35
Edition number 23
100 1# - MAIN ENTRY--PERSONAL NAME
Personal name Marlow, Simon
Titles and other words associated with a name (Software engineer),
Relator term author.
245 10 - TITLE STATEMENT
Title Parallel and concurrent programming in Haskell /
Statement of responsibility, etc Simon Marlow.
250 ## - EDITION STATEMENT
Edition statement First edition.
300 ## - PHYSICAL DESCRIPTION
Extent xiv, 304 pages :
Other physical details illustrations ;
Dimensions 24 cm
500 ## - GENERAL NOTE
General note Includes index.
650 #0 - SUBJECT ADDED ENTRY--TOPICAL TERM
Topical term or geographic name as entry element Parallel programming (Computer science)
650 #0 - SUBJECT ADDED ENTRY--TOPICAL TERM
Topical term or geographic name as entry element Computer multitasking.
650 #0 - SUBJECT ADDED ENTRY--TOPICAL TERM
Topical term or geographic name as entry element Haskell (Computer program language)
906 ## - LOCAL DATA ELEMENT F, LDF (RLIN)
a 7
b cbc
c copycat
d 2
e ncip
f 20
g y-gencatlg
942 ## - ADDED ENTRY ELEMENTS (KOHA)
Source of classification or shelving scheme
Koha item type Book
Holdings
Withdrawn status Lost status Source of classification or shelving scheme Damaged status Not for loan Home library Current library Shelving location Date acquired Total Checkouts Full call number Barcode Date last seen Copy number Price effective from Koha item type
          Riara University Library Riara University Library General stack 04/07/2016   QA76.73.H37M37 2013 7603/16 04/07/2016 C1 04/07/2016 Book
          Riara University Library Riara University Library General stack 04/07/2016   QA76.73.H37M37 2013 7602/16 04/07/2016 C.2 04/07/2016 Book

Riara University Library,
P.O. Box 49940-00100,
Nairobi, Kenya.